00445nam a2200181Ia 450000100060000000300070000600800410001304000110005424500380006524500270010326000100013026000090014030000210014965300370017065300320020794200070023999900170024622916GE_BSU181216s||||||||xx |||||||||||||| ||und|| cGE_BSU aLe Point, 2 Aout. # 2396. 2018 bNumber 9105 Volume 428 aParis c2018 a106p. 30cm. ill. aLe Point, 2 Aout. # 2396. 2018 aპერიოდიკა cCR c55819d55819